[Event "HangZhou GM Tournament 2022"]
[Site "HangZhou"]
[Date "2022.03.30"]
[Round "5.2"]
[White "Ding, Liren"]
[Black "Bai, Jinshi"]
[Result "1-0"]
[WhiteElo "2799"]
[BlackElo "2593"]
[Annotator "TA"]
[PlyCount "71"]
[EventDate "2022.03.28"]
[EventType "tourn"]
[EventCountry "CHN"]
[SourceTitle "playchess.com"]
[Source "ChessBase"]
[SourceQuality "1"]

{[%evp 12,71,25,47,53,48,42,39,28,17,39,12,12,0,0,0,17,0,0,0,59,56,67,62,70,66,70,72,87,87,82,84,86,88,83,91,91,40,35,33,33,0,0,0,0,0,1,0,0,0,0,0,436,429,491,505,505,505,505,489,29975,29976]} 1. d4 d5 2. c4 e6 {[%cal Be7e6,Be6d5,Bd5d4][%mdl 32]} 3. Nc3 c5 4. cxd5 exd5 5. Nf3 Nc6 6. dxc5 d4 7. Na4 Bxc5 {[%mdl 64] Decoy. D32: Tarrasch Defence: Sidelines and lines without g3.} 8. Nxc5 Qa5+ 9. Bd2 Qxc5 {White is slightly better.} 10. b4 Qf5 {10...Qb6 is setting a new trend.} (10... Nxb4 {feels hotter.} 11. Rc1 Qd6 12. e3 Ne7 13. Nxd4 O-O) 11. Rc1 Nf6 12. Rc5 {[#]} Qd7 $146 ({Predecessor:} 12... Qe6 13. b5 Ne4 14. Rc1 Ne5 15. Bf4 Ng4 16. Qxd4 O-O 17. h3 Ngxf2 18. Rh2 Qxa2 {½-½ (28) Gusev,O-Giesemann,S (2337) ICCF email 2017}) 13. b5 Nd8 14. Bb4 $36 {[%mdl 2048] Black is under pressure.} Ne6 15. Rc4 {[%cal Rf3d4]} Nd5 (15... a6 $1 $11) 16. Nxd4 $14 Nxb4 17. Rxb4 O-O 18. e3 Qe7 19. Qd2 {White is more active.} Rd8 20. Be2 Nxd4 21. Rxd4 Be6 22. O-O Rxd4 23. Qxd4 b6 24. Rd1 (24. Bc4 $16) 24... Bxa2 25. Bf3 Rc8 {[%cal Ba8c8,Bc8c5,Bc5f5][%mdl 32]} 26. Bb7 Rc5 (26... Qxb7 $2 {is a self mate.} 27. Qd8+ $3 {[%mdl 512]} Rxd8 28. Rxd8#) 27. Qd8+ Qf8 28. h3 Bb3 $1 29. Rd4 g6 30. Qf6 Rf5 $1 ({Resist} 30... Rc1+ 31. Kh2 Rd1 32. Bc6 $14) 31. Qh4 {Strongly threatening Rd8.} Qc5 $2 {[%mdl 8192]} (31... Rh5 $11 32. Qf6 Rf5) 32. Be4 $1 $18 Re5 {[#]} 33. Bxg6 $1 {[%mdl 512]} fxg6 {[#]} 34. Rd7 $1 {[%csl LRa7,LRh7]} Bf7 {aiming for ...Rd5.} 35. Qf6 Qc1+ (35... Qd5 $18 36. Rxd5 Rxd5) 36. Kh2 {Weighted Error Value: White=0.04 (flawless) /Black=0.52} 1-0

[Event "HangZhou GM Tournament 2022"]
[Site "HangZhou"]
[Date "2022.03.30"]
[Round "6.1"]
[White "Bai, Jinshi"]
[Black "Li, Di"]
[Result "1/2-1/2"]
[WhiteElo "2593"]
[BlackElo "2579"]
[Annotator "TA"]
[PlyCount "67"]
[EventDate "2022.03.28"]
[EventType "tourn"]
[EventCountry "CHN"]
[SourceTitle "playchess.com"]
[Source "ChessBase"]
[SourceQuality "1"]

{[%evp 14,67,0,0,0,0,17,23,22,17,2,8,16,0,50,0,4,1,0,7,6,-7,0,0,0,0,0,0,16,22,13,0,3,2,2,0,0,0,0,0,0,0,0,0,0,0,0,0,0,0,0,0,0,0,0,0]} 1. d4 Nf6 2. c4 e6 3. g3 d5 4. Bg2 Be7 5. Nf3 O-O 6. b3 dxc4 $1 {6...dxc4 is better than 6...c5.} 7. bxc4 c5 8. O-O cxd4 {A14: English Opening: 1...e6 with b3 by White.} 9. Nxd4 a6 10. Ba3 {[#]} Nbd7 $146 {[%cal Bb8d7,Bd7c5,Bc5b3][%mdl 32] White has an edge.} ({Predecessor:} 10... Bxa3 11. Nxa3 Qc7 12. Qc1 Bd7 13. Rd1 Ba4 14. Rd2 Nbd7 15. Rb1 Nc5 16. Nb3 Rad8 17. Rxd8 Rxd8 {½-½ (38) Esipenko,A (2714)-Grischuk,A (2764) Berlin 2022}) 11. Bxe7 Qxe7 12. Qb3 Nc5 13. Qa3 Re8 ({Black should try} 13... Qc7 $11) 14. Nc3 (14. Nb3 $14 {is more appropriate.} Nce4 15. Qxe7 Rxe7 16. f3) 14... Bd7 $11 {The position is equal.} 15. Rab1 Rac8 16. Rfc1 h5 17. Nb3 Nxb3 18. Qxe7 Rxe7 19. axb3 Bc6 20. Na4 Be4 21. Bxe4 Nxe4 22. f3 Nc5 23. Nxc5 Rxc5 {[%mdl 4096] Endgame KRR-KRR} 24. Kf2 Rec7 25. Rd1 b5 26. Rd8+ Kh7 27. Ra8 bxc4 28. bxc4 Rxc4 29. Rxa6 R4c6 30. Ra5 Rc5 31. Ra4 Rc4 32. Ra5 R4c5 33. Rxc5 Rxc5 34. h4 {An interesting draw.  Weighted Error Value: White=0.03 (flawless) /Black=0.04 (flawless)} 1/2-1/2

[Event "HangZhou GM Tournament 2022"]
[Site "HangZhou"]
[Date "2022.03.30"]
[Round "6.2"]
[White "Xu, Xiangyu"]
[Black "Ding, Liren"]
[Result "1/2-1/2"]
[WhiteElo "2564"]
[BlackElo "2799"]
[Annotator "TA"]
[PlyCount "82"]
[EventDate "2022.03.28"]
[EventType "tourn"]
[EventCountry "CHN"]
[SourceTitle "playchess.com"]
[Source "ChessBase"]
[SourceQuality "1"]

{[%evp 20,82,16,0,12,9,11,10,18,24,14,21,21,10,8,5,16,0,0,0,0,-16,0,0,0,0,0,0,0,0,0,0,0,0,0,0,0,0,0,0,0,0,0,0,0,0,0,0,0,0,0,0,0,0,0,0,0,0,0,0,0,0,0,0,0]} 1. d4 Nf6 2. c4 e6 3. Nf3 d5 4. Nc3 Bb4 5. Bg5 h6 6. Bxf6 Qxf6 7. e3 O-O 8. Rc1 dxc4 9. Bxc4 c5 10. O-O cxd4 11. Nxd4 Rd8 {[#] Strongly threatening ...Bxc3. D38: Queen's Gambit Declined: Ragozin Defence (4 Nf3 Bb4).} 12. Ne4 Qe5 13. Qc2 {next f4 is good for White.} Nc6 14. Nxc6 bxc6 15. Rfd1 {The position is equal.} Bb7 {[#]} 16. Be2 $146 ({Predecessor:} 16. Bd3 Qa5 17. a3 Bf8 18. Nc5 Qxc5 19. Qxc5 Bxc5 20. Rxc5 Rd5 21. Rxd5 cxd5 22. Rc1 a5 23. Kf1 a4 24. Ke2 g5 25. Rc7 {½-½ (25) Diaz,H (2262)-Ghysens,D (2427) ICCF email 2020}) 16... Be7 17. Bf3 c5 18. Qc3 Qc7 19. b3 {[%cal Bb2b3,Bb3b4][%mdl 32]} a5 20. Qc4 Bd5 {A strong pair of Bishops.} 21. Qe2 a4 22. Nxc5 Bxf3 ({But not} 22... Bxc5 23. Bxd5 Rab8 24. Bf3 Rxd1+ 25. Qxd1 $14) 23. Qxf3 {[%cal Oc5e6] Nxe6! is the strong threat.} Bxc5 24. b4 Rxd1+ 25. Qxd1 Rd8 26. Qe2 Rd5 27. g3 Qd6 28. bxc5 Rxc5 29. Rxc5 Qxc5 $11 {[%mdl 4096] Endgame KQ-KQ} 30. Qd3 a3 31. h4 Qc1+ 32. Kg2 Qb2 33. Qd8+ Kh7 34. Qd3+ g6 35. Qc4 Kg7 36. Kf3 g5 37. hxg5 hxg5 38. g4 Kf6 39. Qc7 Qd2 (39... Qxa2 $5 40. Qd8+ Kg6 41. Qg8+ Kh6 42. Qh8+ Kg6 43. Qg8+ Kh6 44. Qh8+ Kg6 45. Qg8+ $11) 40. Kg3 Qd5 (40... Qxa2 $5 41. Qd8+ Kg6 42. Qg8+ Kh6 43. Qh8+ (43. Qxf7 Qb3 $11) 43... Kg6 44. Qg8+ Kh6 45. Qh8+ (45. Qxf7 Qb3 $11) 45... Kg6 46. Qg8+ $11) 41. Qc8 Qxa2 {An even fight not without its subleties.  Weighted Error Value: White=0.02 (flawless) /Black=0.02 (flawless)} 1/2-1/2

[Event "HangZhou GM Tournament 2022"]
[Site "HangZhou"]
[Date "2022.03.31"]
[Round "7.1"]
[White "Ding, Liren"]
[Black "Li, Di"]
[Result "1-0"]
[WhiteElo "2799"]
[BlackElo "2579"]
[Annotator "TA"]
[PlyCount "129"]
[EventDate "2022.03.28"]
[EventType "tourn"]
[EventCountry "CHN"]
[SourceTitle "playchess.com"]
[Source "ChessBase"]
[SourceQuality "1"]

{[%evp 14,129,-1,0,0,0,1,0,14,9,10,11,14,2,8,0,29,31,25,0,10,8,8,14,13,0,0,0,0,0,0,-3,0,-3,0,-9,-8,-43,-42,-46,-46,-85,-34,-39,-37,-36,0,0,37,35,23,18,36,21,72,39,89,43,89,96,98,108,102,89,73,82,175,196,174,85,85,0,0,0,0,0,237,256,232,248,258,252,249,253,254,235,216,218,275,248,305,208,253,227,337,330,412,398,592,585,534,462,558,546,519,509,592,583,11902,11884,11815,6393,11877,11752,6927,5668,5544,4627]} 1. d4 Nf6 2. Bf4 d5 3. Nf3 e6 4. Nbd2 Bd6 5. Bg5 Be7 6. e3 b6 7. Bd3 Bb7 8. O-O Nbd7 {D03: 1 d4 d5 2 Nf3 Nf6 3 Bg5, including Torre Attack with early ...d5.} 9. a4 $5 {[%cal Ba2a4,Ba4a5][%mdl 4] A promising side line.} c5 10. c3 Ne4 {The position is equal.} 11. Bxe7 Qxe7 12. a5 O-O {[#]} 13. Qa4 $146 ({Predecessor:} 13. Qc2 f5 14. Bb5 Ndf6 15. axb6 axb6 16. Ne5 c4 17. Nxe4 Nxe4 18. Qe2 Nd6 19. Ba4 b5 20. Bc2 {½-½ (49) Menna Barreto,F (2158)-Matsuura,F (2313) Curitiba 2010}) 13... Rfc8 14. Bb5 Nxd2 15. Nxd2 Nb8 16. Rfc1 a6 17. Be2 b5 18. Qa3 Nd7 19. b4 c4 20. Rf1 Kh8 21. Rae1 Rg8 22. Qc1 g5 23. Bd1 f5 {Inhibits e4.} 24. f3 e5 25. dxe5 Nxe5 26. Bc2 Qf6 27. Rf2 Nc6 (27... g4 $17 {Hoping for ...gxf3.} 28. f4 Nf7) 28. Bb1 $15 Rae8 29. Rfe2 Rg7 30. Nf1 Rge7 {[%cal Od5d4]} 31. Ng3 Bc8 32. Qd2 Rd8 33. h3 h6 (33... Be6 $11 {keeps the balance.}) 34. Bc2 Be6 (34... Qf7 $14) 35. f4 ({White should play} 35. Rf2 $1 $16) 35... Rg8 (35... Qg6 $14) 36. Rf2 $16 gxf4 37. Nh5 fxe3 38. Qxe3 (38. Nxf6 exd2 39. Rxd2 Rf8 $15) 38... Qg5 39. Qc5 {[%cal Oe1e2]} Qxh5 (39... d4 $16) 40. Qxc6 $18 Bd7 41. Qf6+ (41. Rxe7 $18 {White wants to mate with Qf6+.} Bxc6 42. Rxf5) 41... Reg7 $16 42. Qxa6 (42. Bd1 $16 Qg6 43. Qd4) 42... Qh4 $11 43. Ree2 {Black must now prevent Qd6.} d4 44. cxd4 f4 $2 {[#] White stays focused until the end.} (44... Rg6 $1 $11 {and Black stays safe.} 45. Qb7 (45. Qa7 Rg3 $15) 45... Qxd4) 45. Qd6 $1 $18 {Active counter play!} Bxh3 {[%cal Of4f3] aiming for ...f3!} (45... Qxh3 46. Qxf4 Bc8 47. Qf6 $18) 46. Qe5 (46. Rxf4 Rxg2+ 47. Rxg2 Qe1+ 48. Rf1 Rxg2+ 49. Kh1 Qxf1#) 46... Qg5 47. Qxg5 {Really sharp!} (47. Qxf4 $2 Qxf4 48. Rxf4 Rxg2+ 49. Rxg2 Rxg2+ 50. Kh1 Rxc2 $19) (47. Rxf4 $2 Qxe5 48. dxe5 Rxg2+ 49. Rxg2 Rxg2+ 50. Kf1 Rxc2+ $19) 47... Rxg5 48. Be4 (48. Rxf4 $2 Rxg2+ 49. Rxg2 Rxg2+ 50. Kf1 Rg4+ 51. Kf2 Rxf4+ $19) 48... Bf5 49. Rxf4 Bxe4 50. Rfxe4 {[%mdl 4096] Endgame KRR-KRR} ({Avoid the trap} 50. Rexe4 $2 Rxg2+ 51. Kf1 c3 $19) 50... Rg3 51. Re6 Rb3 52. Rxh6+ Kg7 53. Rb6 Rb1+ {[#]} (53... Rc8 {keeps fighting.} 54. a6 Ra3 55. Rxb5 Rxa6) 54. Kh2 $1 {Intending Re7+ and mate.} Rh8+ 55. Kg3 Rb3+ (55... Rc8 {was necessary.} 56. Rxb5 Rb3+ 57. Kf4 c3) 56. Kg4 {White is clearly winning.} Rd8 57. Rxb5 c3 58. Re7+ Kf6 59. Rc7 Rxd4+ 60. Kh5 Rbxb4 61. Rxb4 Rxb4 62. Rxc3 (62. Rc6+ Kg7 63. Rc7+ (63. Rxc3 Rb5+ 64. Kg4 Rxa5 $11) 63... Kf8 $18) 62... Rb5+ 63. Kh6 Rxa5 64. g4 {[%cal Bg2g4,Bg4g5][%mdl 32]} Kf7 65. g5 {Weighted Error Value: White=0.11 (very precise) /Black=0.31} 1-0

[Event "HangZhou GM Tournament 2022"]
[Site "HangZhou"]
[Date "2022.03.31"]
[Round "7.2"]
[White "Xu, Xiangyu"]
[Black "Bai, Jinshi"]
[Result "1/2-1/2"]
[WhiteElo "2564"]
[BlackElo "2593"]
[Annotator "ChessBase"]
[PlyCount "98"]
[EventDate "2022.03.28"]
[EventType "tourn"]
[EventCountry "CHN"]
[SourceTitle "playchess.com"]
[Source "ChessBase"]
[SourceQuality "1"]
[TimeControl "5400+30"]

1. d4 {[%emt 0:00:04]} d5 {[%emt 0:00:12]} 2. c4 {[%emt 0:00:07]} e6 {[%emt 0:00:37]} 3. Nc3 {[%emt 0:00:13]} Nf6 {[%emt 0:01:11]} 4. cxd5 {[%emt 0:03:28]} exd5 {[%emt 0:00:13]} 5. Bg5 {[%emt 0:00:13]} c6 {[%emt 0:00:35]} 6. Qc2 {[%emt 0:02:12]} h6 {[%emt 0:02:41]} 7. Bh4 {[%emt 0:00:14]} g6 {[%emt 0:02:12]} 8. e3 {[%emt 0:04:02]} Bf5 {[%emt 0:00:53]} 9. Qb3 {[%emt 0:04:38]} g5 {[%emt 0:01:21]} 10. Bg3 {[%emt 0:02:22]} Qb6 {[%emt 0:00:24]} 11. h4 {[%emt 0:03:00]} Rg8 {[%emt 0:09:00]} 12. hxg5 {[%emt 0:06:12]} hxg5 {[%emt 0:00:08]} 13. Kd2 {[%emt 0:01:49]} Bb4 {[%emt 0:19:53]} 14. f3 {[%emt 0:06:07]} Nbd7 {[%emt 0:03:36]} 15. a3 {[%emt 0:04:25]} Be7 {[%emt 0:02:49]} 16. Qxb6 {[%emt 0:00:14]} axb6 {[%emt 0:05:17]} 17. Bd3 {[%emt 0:04:30]} Bxd3 {[%emt 0:03:32]} 18. Kxd3 {[%emt 0:00:08]} b5 {[%emt 0:00:18]} 19. Nge2 {[%emt 0:02:15]} Nb6 {[%emt 0:02:57]} 20. e4 {[%emt 0:02:22]} Kd7 {[%emt 0:11:37]} 21. Be5 {[%emt 0:08:05]} dxe4+ {[%emt 0:02:49]} 22. fxe4 {[%emt 0:00:17]} Ng4 {[%emt 0:00:28]} 23. Bg3 {[%emt 0:00:30]} Rh8 {[%emt 0:04:15]} 24. Rxh8 {[%emt 0:04:51]} Rxh8 {[%emt 0:00:05]} 25. b3 {[%emt 0:00:11]} Ra8 {[%emt 0:02:29]} 26. a4 {[%emt 0:00:32]} f6 {[%emt 0:03:33]} 27. Rb1 {[%emt 0:01:39]} bxa4 {[%emt 0:04:39]} 28. bxa4 {[%emt 0:00:13]} Bd8 {[%emt 0:00:17]} 29. Ra1 {[%emt 0:03:19]} Be7 {[%emt 0:04:05]} 30. Rb1 {[%emt 0:02:12]} Bd8 {[%emt 0:00:15]} 31. Ra1 {[%emt 0:04:00]} Be7 {[%emt 0:02:44]} 32. Nc1 {[%emt 0:01:13]} c5 {[%emt 0:04:40]} 33. dxc5 {[%emt 0:02:30]} Bxc5 {[%emt 0:00:09]} 34. Nb3 {[%emt 0:00:20]} Bd6 {[%emt 0:00:30]} 35. Bxd6 {[%emt 0:00:29]} Kxd6 {[%emt 0:00:04]} 36. Nb5+ {[%emt 0:04:45]} Ke7 {[%emt 0:00:26]} 37. Nc5 {[%emt 0:00:35]} Ne5+ {[%emt 0:01:53]} 38. Kd4 {[%emt 0:01:46]} Nc6+ {[%emt 0:03:33]} 39. Kd3 {[%emt 0:00:49]} Ra5 {[%emt 0:01:22]} 40. Nxb7 {[%emt 0:00:30]} Rxa4 {[%emt 0:00:07]} 41. Rxa4 {[%emt 0:00:07]} Nxa4 {[%emt 0:00:05]} 42. N7d6 {[%emt 0:00:56]} Ke6 {[%emt 0:00:55]} 43. Ke3 {[%emt 0:00:37]} Nb6 {[%emt 0:01:12]} 44. Nf5 {[%emt 0:01:00]} Nc4+ {[%emt 0:00:16]} 45. Kd3 {[%emt 0:00:31]} N4e5+ {[%emt 0:00:20]} 46. Ke3 {[%emt 0:00:44]} Ng4+ {[%emt 0:00:06]} 47. Kf3 {[%emt 0:00:12]} Nge5+ {[%emt 0:00:40]} 48. Ke3 {[%emt 0:00:06]} Ng4+ {[%emt 0:00:08]} 49. Kf3 {[%emt 0:00:05]} Nge5+ {[%emt 0:00:53]} 1/2-1/2

[Event "HangZhou GM Tournament 2022"]
[Site "HangZhou"]
[Date "2022.04.01"]
[Round "8.1"]
[White "Li, Di"]
[Black "Bai, Jinshi"]
[Result "1/2-1/2"]
[WhiteElo "2579"]
[BlackElo "2593"]
[Annotator "TA"]
[PlyCount "80"]
[EventDate "2022.03.28"]
[EventType "tourn"]
[EventCountry "CHN"]
[SourceTitle "playchess.com"]
[Source "ChessBase"]
[SourceQuality "1"]

{[%evp 22,80,19,24,23,18,22,21,24,26,27,31,30,28,31,18,43,39,36,42,52,43,43,12,22,14,12,0,3,14,16,7,7,0,8,12,12,14,61,53,56,56,74,52,70,52,53,53,61,22,22,22,89,38,24,0,99,0,37,0,102]} 1. d4 d5 2. c4 e6 3. Nf3 Nf6 4. g3 dxc4 5. Bg2 c5 6. O-O Nc6 7. Qa4 Bd7 8. Qxc4 cxd4 9. Nxd4 Rc8 10. Nc3 Nxd4 11. Qxd4 Bc5 12. Qh4 O-O {E04: Open Catalan: 5 Nf3.} 13. Bxb7 {13.Bg5 is not played anymore.} Rb8 14. Bf3 Rb4 15. Qg5 Bd4 16. Qd2 Qc7 17. Qd3 e5 {is the legacy move (17...Be5).} 18. Rd1 {[#]} Be6 $146 (18... Bc6 {keeps more tension.} 19. Bxc6 Qxc6 20. Be3 Ng4 21. Bxd4 exd4 22. Ne4 Ne5) ({Predecessor:} 18... Bc6 19. Bxc6 Qxc6 20. Be3 Bxe3 21. Qxe3 Rxb2 22. Qxe5 Rc2 23. Rd3 Re8 24. Qa5 g6 {½-½ (40) Helbich,J (2537)-Perez Martin,J (2391) ICCF email 2010}) 19. e3 Bxc3 20. Qxc3 Qxc3 21. bxc3 Ra4 22. a3 h6 23. Rb1 Ne4 24. Rb4 Nxc3 {[%cal Be4c3,Bc3a4,Ba4c5][%mdl 32] [#] aiming for ...Rxb4.} 25. Rxa4 Nxa4 26. Rd6 Nc5 27. Bd2 e4 28. Bg2 Rc8 {Prevents Rc6.} 29. Bb4 g5 (29... Nb7 $11 {is more appropriate.} 30. Rd1 Bg4) 30. Bxc5 $14 Rxc5 31. Bxe4 {[%mdl 4096] Endgame KRB-KRB} Rc1+ 32. Kg2 g4 33. Rd4 Rc5 {Inhibits Bd5.} 34. Kf1 Kg7 35. Ke1 Ra5 36. a4 Rh5 (36... Rc5 $1 $11 {keeps the balance.}) 37. Rd6 (37. Bc6 $16) 37... Ra5 38. Rd4 ({Better is} 38. Bc2 $11) 38... Rh5 $16 39. Rd6 (39. Bc6 $16) 39... Ra5 $1 $14 40. Rd4 (40. Bc2 $14) 40... Rh5 {Weighted Error Value: White=0.13 (very precise) /Black=0.08 (flawless)} 1/2-1/2

[Event "HangZhou GM Tournament 2022"]
[Site "HangZhou"]
[Date "2022.04.01"]
[Round "8.2"]
[White "Ding, Liren"]
[Black "Xu, Xiangyu"]
[Result "1-0"]
[WhiteElo "2799"]
[BlackElo "2564"]
[Annotator "TA"]
[PlyCount "70"]
[EventDate "2022.03.28"]
[EventType "tourn"]
[EventCountry "CHN"]
[SourceTitle "playchess.com"]
[Source "ChessBase"]
[SourceQuality "1"]

{[%evp 9,70,18,1,12,7,8,0,8,11,14,29,19,32,17,31,26,27,21,20,25,20,23,27,5,13,11,75,76,67,72,216,215,214,217,221,224,211,108,107,103,104,101,102,55,64,41,53,33,55,42,96,97,107,107,118,119,214,208,193,199,184,189,233]} 1. c4 g6 2. e4 e5 3. d4 Nf6 4. f3 exd4 5. Qxd4 Nc6 6. Qf2 {A10: English Opening: Unusual Replies for Black.} d6 7. Ne2 Bg7 8. Nbc3 {The position is equal.} O-O 9. Be3 {[#]} Be6 $146 ({Predecessor:} 9... Ne5 10. Nf4 b6 11. Qd2 c6 12. Be2 Qe7 13. Rd1 Rd8 14. h4 h5 15. O-O Bb7 {½-½ (76) Yu,Y (2760)-Lin,Y (2360) China 2018}) 10. Nf4 Nh5 11. Nxh5 gxh5 12. Qd2 f5 13. exf5 Bxf5 14. Be2 Qf6 15. O-O Rae8 16. Rae1 Nb4 17. Bd1 {Prevents Nc2.} Bd3 (17... Qg6 $11 {remains equal.}) 18. Rf2 $1 $16 {Black must now prevent a3.} Qg6 19. Ne4 d5 20. cxd5 $18 (20. Qxb4 $6 dxe4 21. Qxb7 exf3 22. Qd5+ Re6 $16) 20... Bxe4 21. fxe4 Rxf2 22. Bxf2 Rxe4 23. d6 (23. Bxa7 $6 Bh6 24. Be3 Rxe3 25. Rxe3 (25. Qxb4 Bf8 $14) 25... Qb6 $14) ({Better is} 23. Be3 $18) 23... cxd6 $16 24. Bb3+ (24. Bxa7 Rxe1+ 25. Qxe1 Nc6 $11) 24... Kh8 25. Rc1 {aiming for Rc8+.} ({Don't play} 25. Bxa7 Rxe1+ 26. Qxe1 Nc6 $14) 25... a5 26. Rc7 (26. Rc8+ $16 Re8 27. Rxe8+ Qxe8 28. Qxd6) 26... Re8 $14 27. Bd4 {A strong pair of Bishops.} Be5 28. Bxe5+ $1 ({Reject} 28. Rxb7 Qb1+ 29. Bd1 Qe4 30. Bxe5+ Qxe5 $11) 28... dxe5 29. Rxb7 Rf8 {[#]} (29... Qd3 $14 30. Qxd3 Nxd3) 30. h3 $1 $16 Qc6 31. Rd7 $40 {[%mdl 128] a3 is the strong threat. White goes for the king. Dancing on a razor blade.} Qc5+ 32. Kh2 {White wants to mate with Qh6.} e4 (32... Qf2 $16 {is a better defense.}) 33. Bd5 $18 {[%cal Od2h6] White threatens Qh6! and mate. White is clearly better.} ({And not} 33. Qh6 Qe5+ 34. Kg1 Qc5+ 35. Kh2 Qe5+ 36. Kg1 Qc5+ 37. Kh2 $11) 33... e3 34. Qd1 Rf5 {[#]} 35. Bf3 Rf8 {Weighted Error Value: White=0.06 (flawless) /Black=0.15 (very precise)} (35... Nc6 {might work better.}) 1-0

[Event "HangZhou GM Tournament 2022"]
[Site "HangZhou"]
[Date "2022.04.01"]
[Round "9.1"]
[White "Xu, Xiangyu"]
[Black "Li, Di"]
[Result "1/2-1/2"]
[WhiteElo "2564"]
[BlackElo "2579"]
[Annotator "RC"]
[PlyCount "102"]
[EventDate "2022.03.28"]
[EventType "tourn"]
[EventCountry "CHN"]
[SourceTitle "playchess.com"]
[Source "ChessBase"]
[SourceQuality "1"]
[TimeControl "5400+30"]

1. d4 {[%emt 0:00:04]} Nf6 {[%emt 0:00:12]} 2. c4 {[%emt 0:00:07]} e6 {[%emt 0:00:15]} 3. Nf3 {[%emt 0:00:09]} d5 {[%emt 0:00:34]} 4. Nc3 {[%emt 0:00:10]} c6 {[%emt 0:02:17]} 5. Bg5 {[%emt 0:00:16]} dxc4 {[%emt 0:08:31]} 6. e4 {[%emt 0:05:07]} b5 {[%emt 0:00:24]} 7. e5 {[%emt 0:00:06]} h6 {[%emt 0:00:08]} 8. Bh4 {[%emt 0:00:05]} g5 {[%emt 0:00:16]} 9. Nxg5 {[%emt 0:00:05]} hxg5 {[%emt 0:00:08]} 10. Bxg5 {[%emt 0:00:06]} Nbd7 {[%emt 0:00:17]} 11. g3 {[%emt 0:00:14]} Bb7 {[%emt 0:00:16]} 12. Bg2 {[%emt 0:00:07]} Qb6 {[%emt 0:00:18]} 13. exf6 {[%emt 0:00:10]} O-O-O {[%emt 0:00:20]} 14. O-O {[%emt 0:00:07]} c5 {[%emt 0:00:28]} 15. d5 {[%emt 0:00:09]} b4 {[%emt 0:00:28]} 16. Na4 {[%emt 0:11:20]} Qb5 {[%emt 0:00:33]} 17. a3 {[%emt 0:00:52]} Nb8 {[%emt 0:03:14]} 18. axb4 {[%emt 0:00:13]} cxb4 {[%emt 0:00:12]} 19. Be3 {[%emt 0:02:22]} Bxd5 {[%emt 0:12:30]} 20. Bxd5 {[%emt 0:01:14]} Rxd5 {[%emt 0:00:16]} 21. Qe2 {[%emt 0:00:21]} Nc6 {[%emt 0:01:06]} 22. Rfc1 {[%emt 0:00:30]} Ne5 {[%emt 0:08:51]} 23. f4 {[%emt 0:10:25]} Nd3 {[%emt 0:02:16]} 24. Rxc4+ {[%emt 0:00:18]} Qxc4 {[%emt 0:00:26]} 25. Rc1 {[%emt 0:00:11]} Qxc1+ {[%emt 0:00:29]} 26. Bxc1 {[%emt 0:00:10]} Nxc1 {[%emt 0:00:05]} 27. Qc4+ {[%emt 0:00:18]} Kd7 {[%emt 0:07:30]} 28. Qxc1 {[%emt 0:00:11]} Bd6 {[%emt 0:00:10]} 29. Qe3 {[%emt 0:07:25]} Ra5 {[%emt 0:01:28]} 30. Qd3 {[%emt 0:04:07]} Rh6 {[%emt 0:04:12]} 31. b3 {[%emt 0:01:17]} Rxf6 {[%emt 0:00:37]} 32. Nb2 {[%emt 0:02:18]} Rff5 {[%emt 0:01:28]} 33. Nc4 {[%emt 0:01:04]} Rfd5 {[%emt 0:01:57]} 34. Qc2 {[%emt 0:02:24]} Ra1+ {[%emt 0:01:53]} 35. Kg2 {[%emt 0:00:12]} Ke7 {[%emt 0:02:44]} 36. Qh7 {[%emt 0:03:13]} Ra3 {[%emt 0:41:41]} 37. Qh4+ {[%emt 0:10:05]} Ke8 {[%emt 0:00:00]} 38. Qh8+ {[%emt 0:01:13]} Ke7 {[%emt 0:00:00]} 39. Qh4+ {[%emt 0:01:39]} Ke8 {[%emt 0:00:00]} 40. f5 {[%emt 0:02:01]} Rxb3 {[%emt 0:00:00]} 41. Qh8+ {[%emt 0:00:47]} Kd7 {[%emt 0:00:00]} 42. Qf6 {[%emt 0:00:21]} Kc6 {[%emt 0:00:00]} 43. Qxf7 {[%emt 0:01:15]} exf5 {[%emt 0:00:00]} 44. Na5+ {[%emt 0:03:18]} Rxa5 {[%emt 0:00:00]} 45. Qxb3 {[%emt 0:00:09]} Rc5 {[%emt 0:00:00]} 46. Qa4+ {[%emt 0:09:14]} Rb5 {[%emt 0:00:00]} 47. Qa6+ {[%emt 0:00:42]} Rb6 {[%emt 0:00:00]} 48. Qc4+ {[%emt 0:00:29]} Kb7 {[%emt 0:00:00]} 49. Qf7+ {[%emt 0:02:29]} Kc6 {[%emt 0:00:00]} 50. Qc4+ {[%emt 0:00:14]} Kb7 {[%emt 0:00:00]} 51. Qf7+ {[%emt 0:00:08]} Kc6 {[%emt 0:00:00]} 1/2-1/2